Nehéz tüzérségünk a világháborúban
Elmentve itt :
| Dokumentumtípus: | Cikk |
|---|---|
| Megjelent: |
1915-05-11
|
| Sorozat: | Délmagyarország
4 No. 111 |
| Kulcsszavak: | Magyarország története 1915, Világháború 1. tüzérség |
| Online Access: | http://dmarchiv.bibl.u-szeged.hu/57249 |
| LEADER | 00460nab a2200145 i 4500 | ||
|---|---|---|---|
| 001 | delm57249 | ||
| 005 | 20180927144637.0 | ||
| 008 | 180927s1915 hu o 0|| hun d | ||
| 040 | |a SZTE Délmagyarország Archívum |b hun | ||
| 041 | |a hun | ||
| 245 | 0 | 0 | |a Nehéz tüzérségünk a világháborúban |h [elektronikus dokumentum] |
| 260 | |c 1915-05-11 | ||
| 300 | |a 3-4 | ||
| 490 | 0 | |a Délmagyarország |v 4 No. 111 | |
| 695 | |a Magyarország története 1915, Világháború 1. tüzérség | ||